书目信息 |
| 题名: |
舞蹈传说与典故
|
|
| 作者: | 党允彤 编著 | |
| 分册: | ||
| 出版信息: | 北京 中国文史出版社 2014 |
|
| 页数: | 242页 | |
| 开本: | 22cm | |
| 丛书名: | ||
| 单 册: | ||
| 中图分类: | J709.1-49 | |
| 科图分类: | ||
| 主题词: | 舞蹈史--世界--通俗读物 | |
| 电子资源: | ||
| ISBN: | 978-7-5034-5185-0 | |
| 000 | 00760nam0 2200229 450 | |
| 001 | 337661 | |
| 005 | 20150526101738.39 | |
| 010 | @a978-7-5034-5185-0@dCNY28.00 | |
| 100 | @a20150123d2014 em y0chiy50 ea | |
| 101 | 0 | @achi |
| 102 | @aCN@b110000 | |
| 105 | @aa z 000yy | |
| 106 | @ar | |
| 200 | 1 | @a舞蹈传说与典故@Awu dao chuan shuo yu dian gu@f党允彤编著 |
| 210 | @a北京@c中国文史出版社@d2014 | |
| 215 | @a242页@c图@d22cm | |
| 330 | @a本书共分为: 中国篇;西方篇两部分, 主要内容包括: 关于“舞”字、舞从何方来、最古老的舞容、无头刑天舞干戚、古老的健身操、十二神兽与舞蹈等。 | |
| 606 | 0 | @a舞蹈史@y世界@j通俗读物 |
| 690 | @aJ709.1-49@v5 | |
| 701 | 0 | @a党允彤@Adang yun tong@c(女)@4编著 |
| 801 | 0 | @aCN@b卓展宏图@c20150525 |
| 905 | @dJ709.1-49@e133@f4 | |
| 舞蹈传说与典故/党允彤编著.-北京:中国文史出版社,2014 |
| 242页:图;22cm |
| ISBN 978-7-5034-5185-0:CNY28.00 |
| 本书共分为: 中国篇;西方篇两部分, 主要内容包括: 关于“舞”字、舞从何方来、最古老的舞容、无头刑天舞干戚、古老的健身操、十二神兽与舞蹈等。 |
| ● |
| 相关链接 |
|
|
|
|
正题名:舞蹈传说与典故
索取号:J709.1-49/133
 
预约/预借
| 序号 | 登录号 | 条形码 | 馆藏地/架位号 | 状态 | 备注 |
| 1 | 854192 | 208541924 | 第一样本阅览室/ [索取号:J709.1-49/133] | 在馆 | |
| 2 | 854193 | 208541933 | 密集书库-音乐系/ [索取号:J709.1-49/133] | 在馆 | |
| 3 | 854194 | 208541942 | 第一借阅区/ [索取号:J709.1-49/133] | 在馆 | |
| 4 | 854195 | 208541951 | 第一借阅区/ [索取号:J709.1-49/133] | 在馆 |